Good Names, Bad Meanings - Statistics

General Stats
  • This quiz has been taken 38 times
    36 since last reset
  • The average score is 9 of 18
Answer Stats
Meaning Hint Name % Correct
Misshapen Head U.S. president J.F... Kennedy
97%
Bitter / Rebellion Mother of Christ Mara / Mary / Molly
90%
Crooked Nose Avatar director James... Cameron
81%
Bald Fashion designer ....Klien Calvin
74%
Supplanter Avatar director ...Cameron Jacob / James
74%
Crooked Mouth Fashion model Naomi... Campbell
71%
Rival Famous poet ...Dickinson wrote "Hope is the Thing with Feathers" Emily
61%
Lame Super Model ...Schiffer Claudia
58%
Pig Star of Aressted Development and Ellen Degeres' partner ...de Rossi Portia
48%
Cow Shed One of the greatest English poets and author of "Don Jaun" Lord... Byron
42%
Weary The King of Queens actress who now hates Scientology ...Remini Leah
32%
To bind / To snare Actress and model who played Mystique in the X-Men films...Romijn Rebecca
32%
Blind Art and Garfunkle sang "..., you're breaking my heart." Cecilia
26%
Lisp / Stutter French mathematician, physicist, inventor, writer ...Pascal Blaise
19%
Sorrowful / Sad Khole Kardashian's cheating baby daddy ....Thompson Deirdre / Tristan
19%
The unfortunate one / The unlucky one The older sister in the classic TV show Family Ties Mallory
13%
Having a stump for a hand Biblical character famous for blowing his horn Gideon
10%
Lady of Sorrows First major female Latin American crossover star in Hollywood 1920-30s ...Del Rio Lola / Delores
6%
No matching quizzes found
Score Distribution
Percent of People with Each Score
Percentile by Number Answered
Your Score History
You have not taken this quiz since the last reset